000 01175nam1a22002531 4500
001 rc\3608667
005 20130115143543.3
035 _a(NLR Aleph) 007711021
090 _a6849683
_c6849683
100 _a20130115d1971 |||y0rusy50 ca
101 0 _arus
102 _aRU
105 _a z |||||
200 1 _aМетодика составления комплексных планов технического прогресса, научной организации труда, производства, управления и социального развития эксплуатационных предприятий гражданской авиации
_f[Отв. ред. экономист Сивашинский Б.Г.]
_gУральское упр. гражд. авиации СССР. [В 3 ч.] [Ч. 1-]
210 _aСвердловск
_cБ. и.
_d1971
215 _d20
300 _aНа обороте тит. л.: сост. Дудин В.С.
702 1 _aДудин
_bВ. С.
_4220
702 1 _aСивашинский
_bБ. Г.
_4340
801 0 _aRU
_bNLR
_gpsbo
801 1 _aRU
_bELAR
_2rusmarc
852 _aNLR
_j72-3/5036
942 _cBOOK
980 _aNB